| 000 | 00676nam a2200181Ia 4500 | ||
|---|---|---|---|
| 008 | 090124s9999 xx 000 0 und d | ||
| 082 | _b33956 | ||
| 100 | _aदेशपांडे कृ. पं. | ||
| 245 | _a बुध्द-जैनकालीन स्ञीकथा | ||
| 250 | _a0 | ||
| 260 |
_b"सुशील प्रकाशन, पुणे" _c1997 |
||
| 300 | _a109 | ||
| 600 | _aदेशपांडे कृ. पं. | ||
| 630 | _a बुध्द-जैनकालीन स्ञीकथा | ||
| 700 | _aदेशपांडे कृ. पं. | ||
| 730 | _a बुध्द-जैनकालीन स्ञीकथा | ||
| 942 | _cBOOK | ||
| 999 |
_c99839 _d99839 |
||